[Event "HUN-chT2 Szechenyi 1213"]
[Site "Hungary"]
[Date "2013.01.27"]
[Round "6.10"]
[White "Kiss, Laszlo"]
[Black "Toth, Csaba"]
[Result "1/2-1/2"]
[WhiteElo "1671"]
[BlackElo "1766"]
[PlyCount "64"]
[EventDate "2012.09.16"]
[EventType "team-tourn"]
[EventRounds "11"]
[EventCountry "HUN"]
[SourceTitle "EXT 2014"]
[Source "ChessBase"]
[SourceDate "2013.11.20"]
[SourceVersion "1"]
[SourceVersionDate "2013.11.20"]
[SourceQuality "1"]
[WhiteTeam "Arboretum"]
[BlackTeam "Sarvar"]
[WhiteTeamCountry "HUN"]
[BlackTeamCountry "HUN"]

1. c4 Nf6 2. Nc3 e5 3. Nf3 Nc6 4. d4 exd4 5. Nxd4 Nxd4 6. Qxd4 Be7 7. g3 0-0 8. Bg2 d6 9. 0-0 a6 10. b3 Nd7 11. Nd5 Bf6 12. Nxf6+ Qxf6 13. Bb2 Qxd4 14. Bxd4 Re8 15. Rfe1 Ne5 16. Rad1 Nc6 17. Bc3 Rb8 18. e4 Ne5 19. f4 Ng6 20. Rd3 b6 21. e5 dxe5 22. Bc6 Bf5 23. Rde3 Red8 24. Bxe5 Nxe5 25. Rxe5 g6 26. Re7 Rd2 27. Bd5 Be6 28. Bxe6 fxe6 29. R1xe6 c5 30. Ra7 Rxa2 31. Ree7 Rd8 32. Rg7+ Kf8 1/2-1/2

[Event "HUN-chT2 Szechenyi 1213"]
[Site "Hungary"]
[Date "2012.11.18"]
[Round "4.12"]
[White "Buzas, Bertalan"]
[Black "Toth, Csaba"]
[Result "0-1"]
[WhiteElo "1745"]
[BlackElo "1766"]
[PlyCount "62"]
[EventDate "2012.09.16"]
[EventType "team-tourn"]
[EventRounds "11"]
[EventCountry "HUN"]
[SourceTitle "EXT 2014"]
[Source "ChessBase"]
[SourceDate "2013.11.20"]
[SourceVersion "1"]
[SourceVersionDate "2013.11.20"]
[SourceQuality "1"]
[WhiteTeam "Tapolca"]
[BlackTeam "Sarvar"]
[WhiteTeamCountry "HUN"]
[BlackTeamCountry "HUN"]

1. e4 c5 2. Nf3 d6 3. d4 cxd4 4. Nxd4 Nf6 5. Nc3 a6 6. Be2 g6 7. Be3 Bg7 8. f4 0-0 9. Qd2 Nc6 10. h3 Qc7 11. g4 e5 12. Nf3 b5 13. a3 Bb7 14. g5 Nh5 15. Nd5 Qd8 16. Bb6 Qd7 17. Nh4 exf4 18. Bxh5 gxh5 19. Qxf4 Kh8 20. 0-0-0 Ne5 21. Bd4 Bxd5 22. exd5 f6 23. Rdg1 Rac8 24. Kb1 Rc4 25. b3 fxg5 26. Qd2 Rxd4 27. Qxd4 Nf3 28. Qd1 Nxg1 29. Rxg1 gxh4 30. Qxh5 Qf5 31. Qd1 Qe5 0-1